Normal view
MARC view
Entry Personal Name
001 - CONTROL NUMBER
- control field: 1790
003 - CONTROL NUMBER IDENTIFIER
- control field: ARRUPE
005 - DATE AND TIME OF LATEST TRANSACTION
- control field: 20131001124746.0
008 - FIXED-LENGTH DATA ELEMENTS
- fixed length control field: 131001|| aca||aabn | a|a d
040 ## - CATALOGING SOURCE
- Original cataloging agency: ARRUPE
- Transcribing agency: ARRUPE
100 ## - HEADING--PERSONAL NAME
- Personal name: Miller, Jon,
- Dates associated with a name: 1940-
- Title of a work: Social control of religious zeal.
670 ## - SOURCE DATA FOUND
- Source citation: Work cat.: (ARRUPE)0: Miller, Jon, 1940- 1784, Missionary zeal and institutional control :, c2003.